000 00365nam a2200145Ia 4500
008 161220s9999 xx 000 0 und d
040 _aPK-NaQUE
100 _a98CE64
100 _aAbdul Aleem Shaikh
245 0 _aProperties Of High Bond Cement Concrete
260 _aNawabshah
260 _bQUEST
260 _c1998
700 _aDepartment Of Civil Engineering
999 _c56978
_d56975